Statistics for Dylan O'Brien

Click here to take the quiz!

General Stats

  • This quiz has been taken 385 times
  • The average score is 6 of 10

Answer Stats

HintAnswer% Correct
What popular TV show does he Co-Star in?Teen Wolf
87%
What is his favorite sport?Baseball
78%
What was his breakout movie of 2014?The Maze Runner
67%
What famous song did he YouTube himself singing?Wannabe
65%
What is his favorite color?Purple
60%
What is his sisters name?Julia
58%
Who is he currently dating?Britt Robertson
57%
Where did he orginally live before moving to CA?New Jersey
41%
What is his fathers occupation?Camera Man
24%
What is his YouTube channel called?Dis Be My Channel
21%

Score Distribution

Percentile by Number Answered

Percent of People with Each Score

Your Score History

You have not taken this quiz